<?xml version="1.0" encoding="UTF-8"?>
<record
    xmlns:xsi="http://www.w3.org/2001/XMLSchema-instance"
    xsi:schemaLocation="http://www.loc.gov/MARC21/slim http://www.loc.gov/standards/marcxml/schema/MARC21slim.xsd"
    xmlns="http://www.loc.gov/MARC21/slim">

  <leader>01092cam a22002891  4500</leader>
  <controlfield tag="001">gs 50000283 </controlfield>
  <controlfield tag="003">DLC</controlfield>
  <controlfield tag="005">20260227111357.0</controlfield>
  <controlfield tag="008">880115s1949    ag af         000 0 spa c</controlfield>
  <datafield tag="010" ind1=" " ind2=" ">
    <subfield code="a">gs 50000283 </subfield>
  </datafield>
  <datafield tag="035" ind1=" " ind2=" ">
    <subfield code="a">(OCoLC)17352076</subfield>
  </datafield>
  <datafield tag="040" ind1=" " ind2=" ">
    <subfield code="a">U.S. Geol. Survey. Libr.</subfield>
    <subfield code="c">TxDaM</subfield>
    <subfield code="d">TxDaM</subfield>
    <subfield code="d">DLC</subfield>
  </datafield>
  <datafield tag="043" ind1=" " ind2=" ">
    <subfield code="a">s-ag---</subfield>
  </datafield>
  <datafield tag="050" ind1="0" ind2="0">
    <subfield code="a">QE231</subfield>
    <subfield code="b">.A3 no. 69</subfield>
  </datafield>
  <datafield tag="051" ind1=" " ind2=" ">
    <subfield code="a">QE231</subfield>
    <subfield code="b">.H343</subfield>
  </datafield>
  <datafield tag="082" ind1=" " ind2=" ">
    <subfield code="a">558.2</subfield>
  </datafield>
  <datafield tag="100" ind1="1" ind2=" ">
    <subfield code="a">Heim, Arnold,</subfield>
    <subfield code="d">1882-1965.</subfield>
  </datafield>
  <datafield tag="245" ind1="1" ind2="0">
    <subfield code="a">Estudio geol&#xF3;gico del carb&#xF3;n "retico" y del valle de la Pe&#xF1;a (provincias de San Juan y La Rioja)</subfield>
    <subfield code="c">por Arnold Heim, y Contribuci&#xF3;n petrogr&#xE1;fica, por Verena Kull.</subfield>
  </datafield>
  <datafield tag="260" ind1=" " ind2=" ">
    <subfield code="a">Buenos Aires,</subfield>
    <subfield code="c">1949.</subfield>
  </datafield>
  <datafield tag="300" ind1=" " ind2=" ">
    <subfield code="a">31 p.</subfield>
    <subfield code="b">illus., 12 plates.</subfield>
    <subfield code="c">27 cm.</subfield>
  </datafield>
  <datafield tag="490" ind1="1" ind2=" ">
    <subfield code="a">Rep&#xFA;blica Argentina. Direcci&#xF3;n General de Industria Minera. Bolet&#xED;n</subfield>
    <subfield code="v">no. 69</subfield>
  </datafield>
  <datafield tag="500" ind1=" " ind2=" ">
    <subfield code="a">At head of title: Ministerio de Industria y Comercio de la Naci&#xF3;n.</subfield>
  </datafield>
  <datafield tag="650" ind1=" " ind2="0">
    <subfield code="a">Geology</subfield>
    <subfield code="z">Argentina.</subfield>
  </datafield>
  <datafield tag="650" ind1=" " ind2="0">
    <subfield code="a">Petrology</subfield>
    <subfield code="z">Argentina.</subfield>
  </datafield>
  <datafield tag="700" ind1="1" ind2=" ">
    <subfield code="a">Kull, Verena.</subfield>
  </datafield>
  <datafield tag="810" ind1="1" ind2=" ">
    <subfield code="a">Argentina.</subfield>
    <subfield code="b">Direcci&#xF3;n General de Minas y Geolog&#xED;a.</subfield>
    <subfield code="t">Bolet&#xED;n ;</subfield>
    <subfield code="v">no. 69.</subfield>
  </datafield>
  <datafield tag="999" ind1=" " ind2=" ">
    <subfield code="c">28505</subfield>
    <subfield code="d">28505</subfield>
  </datafield>
</record>
